[Event "Memorial Gyorgy Marx (cat.14)"]
[Site "masterchessopen.com Paks (Hungary)"]
[Date "2004.06.13"]
[Round "8"]
[White "Korchnoi Viktor (SUI)"]
[Black "Beliavsky Alexander G (SLO)"]
[Result "0-1"]
[WhiteElo "2601"]
[BlackElo "2660"]

{ Korchnoi Viktor (SUI) +4 =5 Korchnoi Viktor (SUI) +4 =5 -0 } 1.d4 { 1 }
1...Nf6 2.c4 e6 3.Nc3 Bb4 4.e3 O-O 5.Ne2 d5 6.a3 Be7 7.Ng3 { =/? } ( 7.Nf4 c6
8.h3 Nbd7 9.cxd5 Nxd5 10.Nfxd5 exd5 11.Bd3 Re8 12.Qc2 Nf6 13.g4 g6 14.Bd2 c5
15.Kf1 Bf8 16.Rd1 c4 17.Be2 Rb8 18.b3 b5 19.Rb1 a6 20.Qa2 Bb7 21.h4 Qd6 22.g5
Ne4 23.Nxe4 Rxe4 24.a4 Qd7 25.f3 Ree8 26.Kf2 Bd6 { ...1/2-1/2, Korchnoi Viktor
2620 - Gelfand Boris 2681 , Lvov 2000 Memorial L.Stein (cat.17) } ) 7...a5 { N
} ( 7...Re8 8.b3 Bf8 9.Bb2 Nbd7 10.cxd5 exd5 11.Bd3 g6 12.O-O Bg7 13.b4 h5
14.Qc2 Nf8 15.Nge2 N8h7 16.Rac1 Ng5 17.b5 h4 18.f4 Ngh7 19.Nd1 Re7 20.a4 Bg4
21.Ba3 Rd7 22.Nec3 Qe8 23.Re1 Bxd1 24.Rcxd1 Bf8 25.Bb2 Bb4 26.Qf2 h3 27.gxh3 {
...0-1, Dugandzic Boris 2245 - Pinter Jozsef 2501 , Rabac 2003 Ch Croatia
(team) (1st league) } ) ( 7...Nbd7 8.cxd5 exd5 9.Nf5 Nb6 10.Nxe7+ Qxe7 11.Bd3
Ne4 12.O-O Bf5 13.Ne2 Nd6 14.a4 a5 15.b3 Rfe8 16.Ba3 Bxd3 17.Qxd3 Nbc8 18.Nf4
c6 19.Rae1 Qf6 20.f3 Ne7 21.Nh5 Qf5 22.Qxf5 Ndxf5 23.g4 Nh6 24.Bc1 f6 25.e4
Nf7 26.e5 fxe5 27.dxe5 { ...1-0, Demir Gokhan 2239 - Schandorff Lars 2511 ,
Istanbul 2003 Ch Europe } ) ( 7...dxc4 8.Bxc4 c5 9.O-O cxd4 10.exd4 Nc6 11.Be3
b6 12.d5 Na5 13.Ba2 exd5 14.Nxd5 Nxd5 15.Bxd5 Bb7 16.Bxb7 Nxb7 17.Qf3 Nc5
18.Rad1 Qc8 19.Bd4 Ne6 20.Nf5 Bc5 21.Qg4 f6 22.b4 h5 23.Qxh5 Nxd4 24.Rxd4 Qe8
25.Qxe8 Rfxe8 26.bxc5 Re5 27.g4 { ...1-0, Alberti Andrea 2179 - Quaranta
Cristiano, Venice 2003 It (open) } ) ( 7...c6 8.Be2 Re8 9.O-O Nbd7 10.b4 e5
11.cxd5 cxd5 12.dxe5 Nxe5 13.Bb2 Bf8 14.Rc1 Bg4 15.f3 Be6 16.Nb5 Nc6 17.Nd4
Bd7 18.Nxc6 bxc6 19.Qd3 a5 20.bxa5 Rxa5 21.e4 Bd6 22.Kh1 Bxg3 23.hxg3 Nh5
24.Kh2 Nxg3 25.Kxg3 Qb8+ 26.Kf2 Qxb2 27.Rb1 { ...0-1, Mokin Nikolai 2141 -
Romanov Evgeny 2389 , Kazan 2003 Spartakiada Russia (juniors) } ) ( 7...c5
8.dxc5 dxc4 9.Bxc4 Qxd1+ 10.Kxd1 Bxc5 11.Ke2 a6 12.Rd1 b5 13.Bd3 Nbd7 14.Nge4
Bb7 15.b4 { 1/2-1/2, Mamedyarov Shakhriyar 2657 - Aronian Levon 2645 , Antalya
22. 5.2004 Ch Europe } ) ( 7...b6 8.cxd5 Nxd5 9.Bd3 Bb7 10.O-O Nd7 11.e4 Nxc3
12.bxc3 c5 13.Bb2 Re8 14.f4 g6 15.Qb3 Rc8 16.Rae1 Qc7 17.Qd1 Bf8 18.h4 Bg7
19.h5 Red8 20.hxg6 hxg6 21.Qg4 cxd4 22.cxd4 Nc5 23.Bb1 Bxd4+ 24.Bxd4 Rxd4
25.f5 exf5 26.Nxf5 Rd7 27.Ba2 { ...1-0, Budrewicz Krzysztof 2147 - Drzymala
Grzegorz 1969 , Leba 29. 3.2004 Ch Poland (juniors) (under 18) } ) 8.Qc2 c5
9.dxc5 Bxc5 10.cxd5 exd5 11.Be2 Nc6 12.O-O d4 13.Nb5 Qb6 14.e4 Ne5 15.a4 Nfg4
16.Nh1 Rd8 17.Bd3 Ne3 { ?! } ( 17...Bd7 { !? } 18.Bf4 Rac8 19.h3 Qf6 { } )
18.fxe3 Nxd3 19.exd4 Rxd4 20.Nxd4 Bxd4+ 21.Nf2 Nxf2 22.Rxf2 Be6 23.Bf4 Rc8
24.Qd2 Bb3 25.Ra3 { ?? } ( { ? } 25.Kf1 Bxa4 26.Rxa4 Qb5+ 27.Re2 { } )
25...Rc2 26.Rxb3 Rxd2 27.Rxb6 { } {#R} 0-1

[Event "It (open)"]
[Site "masterchessopen.com Stratton Mt (USA)"]
[Date "2004.06.13"]
[Round "9"]
[White "Hoekstra Matthew (USA)"]
[Black "Ehlvest Jaan (USA)"]
[Result "0-1"]
[WhiteElo "2369"]
[BlackElo "2631"]

1.d4 Nf6 2.c4 e6 3.Nc3 Bb4 4.e3 O-O 5.Ne2 d5 6.a3 Be7 7.Ng3 b6 8.b4 c5 9.Rb1
cxd4 10.exd4 dxc4 11.Bxc4 Bb7 12.O-O Qc7 13.Qb3 Rc8 14.Bxe6 fxe6 15.Qxe6+ Kh8
16.Nf5 Qd7 17.Re1 Bf8 18.Bb2 Re8 19.Qxd7 Nbxd7 20.Nb5 Be4 21.Nfd6 Bxd6 22.Nxd6
Bxb1 23.Nxe8 Rxe8 24.Rxb1 Re2 {#R} 0-1

[Event "Ch Switzerland (team) 2004"]
[Site "masterchessopen.com Switzerland"]
[Date "2004.06.13"]
[Round "5"]
[White "Milov Vadim (SUI)"]
[Black "Gavrikov Viktor (LTU)"]
[Result "1-0"]
[WhiteElo "2683"]
[BlackElo "2552"]

{ Milov Vadim (SUI) +2 =1 -1 } 1.d4 { 1 } 1...Nf6 2.c4 e6 3.Nc3 Bb4 4.e3 O-O
5.Ne2 d5 6.a3 Be7 7.cxd5 exd5 8.b4 c6 9.Ng3 Re8 10.Bd3 { = } 10...Nbd7 11.O-O
{ } ( 11.Bd2 Nf8 12.O-O Ng6 13.Qc2 Bd6 14.Nce2 Bd7 15.f3 Bc7 16.Rfb1 a6 17.a4
Nh4 18.Nf1 Qc8 19.Be1 Ng6 20.b5 Nf8 21.bxa6 bxa6 22.e4 dxe4 23.fxe4 Bg4 24.e5
N6d7 25.Qxc6 Qd8 26.Bf2 Rc8 27.Bxa6 Re6 28.Qc4 Rb8 29.Rxb8 Bxb8 30.Bb7 Nb6 {
...1-0, Manolache Marius 2456 - Burnoiu Nicolae-Costel 2360 , Bucharest 2003
Memorial V.Ciocaltea (cat.9) } ) 11...b6 { N } ( 11...Nb6 12.b5 c5 13.dxc5
Bxc5 14.Na4 Nxa4 15.Qxa4 d4 16.Qc2 dxe3 17.Bxh7+ Nxh7 18.Qxc5 b6 19.Qc2 Qd5
20.fxe3 Qxb5 21.Qf2 ( 21.Bb2 Be6 22.a4 Qb3 23.Qxb3 Bxb3 24.Ra3 Bc2 25.Nh5 f6
26.e4 Bxe4 27.Rg3 g6 28.Nxf6+ Nxf6 29.Bxf6 Rac8 30.Bc3 Rf8 31.Re1 {
...1/2-1/2, Vaisser Anatoly 2573 - Lautier Joel 2680 , Val d'Isere 16. 8.2004
Ch France } ) 21...f6 22.Bb2 Qg5 23.e4 Be6 24.Rad1 Rad8 25.Bc1 Qb5 26.Bf4 Rxd1
27.Rxd1 Nf8 28.Qd4 Ng6 29.Bd6 Rd8 30.Qa1 Qa4 31.Rd4 { ...0-1, Goh Koon-Jong
Jason 2314 - Dorfman Josif D 2608 , Calvia 17.10.2004 Olympiad } ) ( 11...Bf8
12.Qc2 ( 12.Qb3 g6 13.a4 h5 14.Ba3 Bd6 15.b5 Bc7 16.Qc2 Kg7 17.Rfc1 Ng4 18.Nf1
Ndf6 19.bxc6 bxc6 20.h3 Nh6 21.Nb5 Bd7 22.Nxc7 { 1/2-1/2, Ludvigsen Frode 2206
- Ogaard Leif 2415 , Gausdal 1985 Ch Norway } ) 12...g6 13.Bb2 Bg7 14.Qb3 Ng4
15.h3 Ngf6 16.b5 Nf8 17.bxc6 bxc6 18.Na4 Qd6 19.Rfd1 Rxe3 20.fxe3 Qxg3 21.Qc2
Bh6 22.Re1 Bxe3+ 23.Kf1 Ng4 24.hxg4 Qf4+ { 0-1, Mititelu Gheorghe 2300 - Lahti
Jouko 2000 , Reykjavik 1957 Olympiad (students) (team) } ) ( 11...Bd6 12.f4 (
12.Bd2 Nf8 13.f3 Ne6 14.Nce2 b6 15.Bc3 c5 16.Qd2 cxd4 17.Nxd4 Nxd4 18.Bxd4 Be5
19.Qb2 Bxd4 20.Qxd4 Qe7 21.Kf2 Bd7 22.Rfc1 Rac8 23.Ba6 Rxc1 24.Rxc1 Qd6 25.Qf4
Re5 26.Bc8 g6 27.Bxd7 Nxd7 28.Rc8+ Nf8 29.Nf5 { 1-0, Graf Alexander 2630 -
Farago Ivan 2483 , Dresden 2002 It (open) } ) 12...a5 13.Rb1 axb4 14.axb4 Bf8
15.Qc2 Nb6 16.Bd2 h6 17.Nd1 Bd7 18.Nf2 h5 19.Ra1 h4 20.Ne2 Rb8 21.Kh1 Nc8
22.Ng1 Nd6 23.Nf3 Nfe4 24.Be1 Nf5 25.Nd1 Qf6 26.Bxe4 Rxe4 27.Ng5 Ree8 28.Bxh4
Qg6 29.Qf2 f6 30.Nf3 Bxb4 31.Qb2 { ...0-1, Benitah Yohann 2381 - Lautier Joel
2638 , Besancon 1999 Ch France (gr.1) (cat.11) } ) ( 11...Nf8 12.Bd2 Ng6
13.Qc2 Bd6 14.Rae1 Qc7 15.Nce2 Ne4 16.Nxe4 dxe4 17.Bxe4 Bxh2+ 18.Kh1 Qe7
19.Kxh2 Qh4+ 20.Kg1 Rxe4 21.f3 Re8 22.e4 Bd7 23.Qc5 h6 24.Qd6 Rad8 25.Qg3 Qxg3
26.Nxg3 Be6 27.Be3 Ne7 28.Rc1 a6 29.Rc5 f5 30.Bf2 fxe4 31.fxe4 { ...1/2-1/2,
Socko Bartosz 2547 - Spasov Vasil 2543 , Calvia 20.10.2004 Olympiad } ) (
11...g6 12.Bd2 Nb6 13.Qb3 h5 14.Rfc1 h4 15.Nf1 h3 16.g3 Nh7 17.f3 Ng5 18.Qd1
Bd6 19.a4 Qf6 20.f4 Ne4 21.a5 Nc4 22.Nxe4 Rxe4 23.Rxc4 Bf5 24.Bxe4 Bxe4 25.Rc2
Qf5 26.Rb2 Bd3 27.Bc3 Qe4 28.Rf2 Re8 29.Qd2 f5 30.Rd1 Bb5 31.Re1 { ...1-0,
Volkov Sergey 2624 - Sakaev Konstantin 2645 , Panormo 2002 Ch Europe (blitz) }
) ( 11...b5 12.Bd2 Nb6 13.a4 a6 14.a5 Nc4 15.Bxc4 dxc4 16.Rb1 Nd5 17.Nce2 f5
18.f3 Bg5 19.e4 fxe4 20.fxe4 Ne3 21.Bxe3 Bxe3+ 22.Kh1 Bg4 23.d5 cxd5 24.exd5
Qg5 25.Qc2 Qxd5 26.Rbd1 Qe5 27.h3 Bxe2 28.Nxe2 Rad8 { 0-1, Benitah Yohan 2369
- Sokolov Andrei 2564 , Mulhouse 2000 It } ) ( 11...a6 12.Bd2 Bd6 13.Nf5 Bc7
14.Re1 Nf8 15.Qf3 Ng6 16.g3 Be6 17.Rac1 Bxf5 18.Bxf5 Ne7 19.Bh3 Nc8 20.e4 dxe4
21.Nxe4 Nxe4 22.Rxe4 Rxe4 23.Qxe4 Nb6 24.Re1 Bd6 25.Qg4 Qf6 26.Bg5 Qg6 27.Qf5
Qxf5 28.Bxf5 Nd5 29.Bd2 h6 30.Rb1 Rd8 31.Be4 { ...1/2-1/2, Gervais Claire 2148
- Muller Anne 2227 , France 4. 4.2004 Ch France (team) 2004 } ) ( 11...a5
12.b5 c5 13.dxc5 Nxc5 14.Bb2 Be6 15.Na4 Nxa4 16.Qxa4 Nd7 17.Nh5 f6 18.Qh4 g6
19.Qg3 Bf7 20.Rfd1 Ne5 21.Nf4 Qb6 22.Bd4 Qd6 23.h4 Rac8 24.Bf5 Rc4 25.h5 g5
26.h6 Nd7 27.Qh3 Nf8 28.Nh5 Ng6 29.g3 Bd8 30.Qg4 Ne5 31.Qe2 { ...0-1, Van Beek
Lucien 2330 - Jens Jelmer 2394 , Belgium 26. 1.2003 Ch Belgium (team) 2002/03
} ) 12.Qf3 Bb7 13.Nf5 g6 14.Nh6+ Kg7 15.e4 dxe4 16.Nxe4 Qc8 17.Bc4 Rf8 18.Ng5
Nd5 { ?! } ( 18...c5 { !? } 19.Qb3 Qc6 20.Qh3 cxd4 { } ) 19.Bxd5 cxd5 20.Re1
Bf6 21.Qh3 Bxg5 22.Bxg5 Bc6 23.Re7 Nf6 24.Qf3 Nh5 25.Rxf7+ { } {#r} 1-0

[Event "Ch World FIDE (KO-system) (active)"]
[Site "masterchessopen.com Tripoli (Libya)"]
[Date "2004.06.24"]
[Round "3"]
[White "Mamedyarov Shakhriyar (AZE)"]
[Black "Nisipeanu Liviu-Dieter (ROM)"]
[Result "0-1"]
[WhiteElo "2660"]
[BlackElo "2687"]

{ Mamedyarov Shakhriyar (AZE) +0 =1 -0 } 1.d4 { 1 } 1...Nf6 2.c4 e6 3.Nc3 Bb4
4.e3 O-O 5.Ne2 d5 6.a3 Bd6 { = } 7.cxd5 ( 7.c5 Be7 8.b4 b6 9.Ng3 c6 10.Be2 a5
11.Rb1 Nbd7 12.O-O axb4 13.axb4 Ba6 14.Re1 Qc8 15.Qc2 Bxe2 16.Ngxe2 bxc5
17.bxc5 Qa6 18.Bd2 Rfb8 19.f3 Rxb1 20.Rxb1 e5 21.Kf2 Re8 22.Rd1 exd4 23.exd4
Bd8 24.Bf4 Qc4 25.Qd3 Qb4 26.Qb1 Qc4 { ...1/2-1/2, Bareev Evgeny 2714 -
Kramnik Vladimir 2777 , Monte Carlo 2003 It "Melody Amber" (active) } ) (
7.Ng3 b6 8.cxd5 exd5 9.Be2 Re8 10.O-O c6 11.b4 a6 12.Bb2 Nbd7 13.Qc2 b5 14.Bd3
Nb6 15.e4 dxe4 16.Ncxe4 Nxe4 17.Bxe4 Be6 18.Bxh7+ Kh8 19.Be4 Rc8 20.Nf5 Bd5
21.Rae1 Bf8 22.Qd3 g6 23.Bxd5 Nxd5 24.Qh3+ Kg8 25.Nh6+ Bxh6 26.Qxh6 Qf6 {
...1/2-1/2, Graf Alexander 2629 - Topalov Veselin 2735 , Benidorm 2003 It
(active) } ) 7...exd5 8.g3 ( 8.b4 c6 9.Ng3 a5 10.b5 c5 11.dxc5 Bxc5 12.Na4 Bd6
13.Bb2 Be6 14.Bd3 Nbd7 15.Nf5 Be5 16.Nd4 Re8 17.O-O Bd6 18.Nf5 Be5 19.Bd4 Rc8
20.Rc1 Rxc1 21.Qxc1 Qb8 22.Ng3 Rc8 23.Qb2 Bxd4 24.exd4 Qf4 25.Ne2 Qd6 26.Rc1
Nb6 27.Nxb6 Qxb6 { ...1-0, Salov Valery 2644 - Foisor Ovidiu Doru 2425 ,
Greece 1985 It (open) } ) 8...c6 ( 8...Nc6 9.Bg2 Ne7 10.O-O a5 11.f3 c5 12.Nb5
Nf5 13.e4 dxe4 14.fxe4 Nxd4 15.Nexd4 cxd4 16.Qxd4 Bb8 17.Qxd8 Rxd8 18.Bf4 Bd7
19.Nc7 { 1/2-1/2, Tal Mikhail 2650 - Bronstein David I 2432 , Portoroz 1958
Izt } ) 9.Bg2 Re8 ( 9...Bf5 10.O-O a5 11.f3 c5 12.e4 cxd4 13.Nxd4 Bg6 14.exd5
Re8 15.Ndb5 Na6 16.Nxd6 Qxd6 17.Qd4 Qc5 18.Qxc5 Nxc5 19.Bg5 Nfd7 20.Rf2 h6
21.Bf4 Nd3 22.Rd2 N7c5 23.Rad1 Nxf4 24.gxf4 Nb3 25.Re2 Rxe2 26.Nxe2 Bf5 27.Nd4
Nxd4 28.Rxd4 Kf8 29.Bf1 { ...1-0, Gavrilov Oleg 2261 - Kryschilovskij Andrej
2404 , St. Petersburg 2003 Tournament (open)"Petersburg's Autumn" } ) 10.O-O
a5 ( 10...Bf5 11.f3 Nbd7 ( 11...Bf8 12.e4 { } ) 12.Qe1 h5 13.Qf2 Bd3 14.Rd1
Bc2 15.Rf1 c5 16.h3 Bd3 17.Rd1 Bc4 18.g4 hxg4 19.hxg4 cxd4 20.exd4 Nf8 21.g5
Nh5 22.f4 Bxe2 23.Nxe2 Rxe2 24.Qxe2 Nxf4 25.Qg4 N8g6 26.Rf1 Qb6 27.Bxf4 Qxd4+
28.Kh1 Nxf4 29.g6 fxg6 30.Rad1 { ...1/2-1/2, Tran Ngoc Thach 2268 - Liang
Chong 2412 , Vung Tau 1999 Ch Asia (juniors) } ) 11.f3 c5 { } 12.g4 { N } (
12.b3 Nc6 13.Nb5 Bf8 14.Rf2 b6 15.Bf1 Ne7 16.g4 Ng6 17.Ng3 h6 18.Bd3 Nh4
19.Qf1 { 1/2-1/2, Salov Valery 2440 - Kharitonov Andrei V 2470 , Lvov 1984 Ch
URS } ) ( 12.f4 Bg4 13.h3 Bxe2 14.Nxe2 Nc6 15.Qb3 a4 16.Qxb7 Na5 17.Qb5 Nb3
18.Rb1 Qe7 19.dxc5 Bxc5 20.Kh2 Bxe3 21.Bxe3 Qxe3 22.Nc3 Nd2 23.Rf2 Nf3+
24.Bxf3 Qxf2+ 25.Bg2 Re1 26.Rxe1 Qxe1 27.Nxa4 h6 28.Nc3 Re8 29.Qf1 Qd2 30.Qb5
Qe1 31.Qf1 Qd2 { ...0-1, Zaiatz Elena 2378 - Bojkovic Natasa 2420 , Halle 2000
Cup European Club (w) } ) 12...h6 13.Qe1 { ?! } ( 13.Nf4 { !? } 13...Bxf4
14.exf4 cxd4 15.Qxd4 { } ) 13...Nc6 14.Qf2 b6 15.Bd2 Ba6 16.Rfe1 cxd4 { ?! } (
16...Qc7 { !? } 17.Qh4 Re6 18.Kh1 Rae8 { } ) 17.exd4 Qc7 18.h4 { ?? } ( { ? }
18.Qh4 Ne7 19.Rac1 Ng6 20.Qh3 { } ) 18...Bxe2 { ? } ( { ? } 18...Nxd4 19.Rac1
Nxe2+ 20.Nxe2 Bc5 { } ) 19.Nxe2 Rxe2 20.Qxe2 { ?! } ( 20.Rxe2 { !? } 20...Nxd4
21.Re3 Bc5 22.Rc1 { } ) 20...Nxd4 21.Qd3 { ?! } ( 21.Qd1 { !? } 21...Nc2
22.Re2 Nxa1 23.Qxa1 { } ) 21...Bc5 22.Kf1 Qg3 23.Bc3 { ?! } ( 23.Re3 { !? }
23...Ne6 24.Qe2 Nf4 25.Qf2 { } ) 23...Nxg4 24.Bxd4 Nh2+ 25.Ke2 Qxg2+ 26.Kd1
Bxd4 27.Qxd4 Nxf3 28.Qxd5 Nxe1 { } {#R} 0-1

[Event "It (open)"]
[Site "masterchessopen.com Saint Chely d'Aubrac (France)"]
[Date "2004.07.19"]
[Round "4"]
[White "De Lagontrie Jean (FRA)"]
[Black "Mathis Julien (FRA)"]
[Result "1-0"]
[WhiteElo "2007"]
[BlackElo "1850"]

1.d4 Nf6 2.c4 e6 3.Nc3 Bb4 4.e3 O-O 5.Ne2 d5 6.a3 Be7 7.cxd5 exd5 8.b4 Bd7
9.Ng3 c6 10.Bd3 Ne8 11.O-O Nd6 12.Qb3 Na6 13.a4 Nc7 14.b5 f5 15.Ba3 Ne4
16.Ngxe4 Bxa3 17.Rxa3 fxe4 18.Bxe4 Kh8 19.Bd3 Qg5 20.Ne2 h5 21.Kh1 Rf6 22.Raa1
Raf8 23.f4 Qh6 24.bxc6 Bxc6 25.Bb5 Re8 26.Bxc6 bxc6 27.Ng1 g5 28.fxg5 Qxg5
29.Rxf6 Qxf6 30.Nf3 h4 31.h3 Rg8 32.Qc2 Qh6 33.Qf2 Rg3 34.Rb1 {#r} 1-0

[Event "It (open)"]
[Site "masterchessopen.com Plancoet (France)"]
[Date "2004.07.25"]
[Round "1"]
[White "De Barros Frederic (FRA)"]
[Black "Hartereau Philippe (FRA)"]
[Result "0-1"]
[WhiteElo "2073"]
[BlackElo "2247"]

1.d4 Nf6 2.c4 e6 3.Nc3 Bb4 4.e3 O-O 5.Ne2 d5 6.a3 Bd6 7.Ng3 b6 8.cxd5 exd5
9.Bd3 Re8 10.O-O Bb7 11.b4 a6 12.Nf5 Bf8 13.g4 Nbd7 14.f3 h6 15.Ra2 g6 16.Ng3
c5 17.bxc5 bxc5 18.Re2 Rc8 19.Qd2 cxd4 20.exd4 Qb6 21.Rxe8 Rxe8 22.Nce2 Ne5
23.Kg2 Nxd3 24.Qxd3 a5 25.Rf2 Ba6 26.Qd2 Bc4 27.g5 hxg5 28.Qxg5 Bg7 29.Nf4 Nh7
30.Nxd5 Qd6 {#R} 0-1

[Event "It (open)"]
[Site "masterchessopen.com Port Erin (England)"]
[Date "2004.09.25"]
[Round "1"]
[White "Korchnoi Viktor (SUI)"]
[Black "Armbruster Alexander (GER)"]
[Result "1-0"]
[WhiteElo "2601"]
[BlackElo "2351"]

1.d4 Nf6 2.c4 e6 3.Nc3 Bb4 4.e3 O-O 5.Ne2 c5 6.a3 Bxc3+ 7.Nxc3 b6 8.d5 e5 9.e4
d6 10.Bg5 Nbd7 11.Bd3 a6 12.O-O Re8 13.Kh1 h6 14.Be3 Nf8 15.f3 Ng6 16.Qd2 Bd7
17.b4 Nh7 18.Rab1 Qf6 19.bxc5 bxc5 20.Rb6 Rec8 21.Ne2 Ng5 22.Ng3 Nh4 23.f4 Qd8
24.Rxd6 Qe7 25.Rxd7 Qxd7 26.fxg5 hxg5 27.Bxg5 Ng6 28.Qd1 Rab8 29.Be2 Qb7
30.Bg4 Rf8 31.d6 {#r} 1-0

[Event "Ch SCG (team) (Premier League)"]
[Site "masterchessopen.com Belgrade (Yugoslavia)"]
[Date "2004.10.02"]
[Round "8"]
[White "Milanovic Danilo (SRB)"]
[Black "Jelic Goran (SRB)"]
[Result "1-0"]
[WhiteElo "2434"]
[BlackElo "2223"]

1.d4 Nf6 2.c4 e6 3.Nc3 Bb4 4.e3 O-O 5.Ne2 d5 6.a3 Be7 7.cxd5 exd5 8.Ng3 c5
9.dxc5 Bxc5 10.Bd3 Nc6 11.O-O Ne5 12.Be2 Be6 13.Nb5 Ne4 14.b4 Nxg3 15.hxg3 Bb6
16.Bb2 Qg5 17.Bd4 Bg4 18.f3 Bxd4 19.Qxd4 a6 20.fxg4 Nc6 21.Qf4 Qxf4 22.gxf4
axb5 23.Bxb5 Ne7 24.Rfc1 Rfc8 25.a4 b6 26.Kf2 g5 27.g3 Kg7 28.Ke2 Rab8 29.Kd3
Kf6 30.Bd7 Rxc1 31.Rxc1 Rb7 32.Bb5 h6 33.Kd4 Ke6 34.Rh1 Ng8 35.Bc6 {#r} 1-0

[Event "Tournament"]
[Site "masterchessopen.com Finistere (France)"]
[Date "2004.10.16"]
[Round "1"]
[White "Picart Laurent (FRA)"]
[Black "Bleunven Andre (FRA)"]
[Result "0-1"]
[WhiteElo "2034"]
[BlackElo "2249"]

1.d4 Nf6 2.c4 e6 3.Nc3 Bb4 4.e3 O-O 5.Ne2 d5 6.a3 Be7 7.cxd5 exd5 8.Nf4 c6
9.Bd3 Re8 10.O-O Bf8 11.Qc2 a5 12.e4 dxe4 13.Nxe4 h6 14.Nxf6+ Qxf6 15.Be3 Bd6
16.Rfe1 Bd7 17.g3 Na6 18.Bc4 Bf5 19.Qd2 Nc7 20.Nh5 Qg6 21.Nf4 Bxf4 22.Bxf4 Ne6
23.d5 Red8 24.dxe6 Rxd2 25.exf7+ Kh7 26.Bxd2 b5 27.Ba2 c5 28.Bd5 Rf8 29.Re2
Qd6 30.Re8 Qxd5 31.Rxf8 Bh3 32.Rh8+ Kxh8 33.f8=Q+ Kh7 34.f3 Qxd2 {#R} 0-1

[Event "Olympiad"]
[Site "masterchessopen.com Calvia (Spain)"]
[Date "2004.10.19"]
[Round "5"]
[White "Zilberman Nathan R (KGZ)"]
[Black "Russell M K A (SRI)"]
[Result "1-0"]
[WhiteElo "2338"]
[BlackElo "2221"]

1.d4 Nf6 2.c4 e6 3.Nc3 Bb4 4.e3 O-O 5.Ne2 d5 6.a3 Be7 7.cxd5 exd5 8.g3 Bg4
9.Bg2 c6 10.h3 Bf5 11.O-O Re8 12.g4 Be4 13.f3 Bg6 14.Nf4 Nbd7 15.Nxg6 hxg6
16.e4 c5 17.e5 Nh7 18.Nxd5 cxd4 19.Nxe7+ Rxe7 20.f4 Nb6 21.b3 Rc8 22.Ra2 Rec7
23.Bd2 Nd5 24.Qf3 Nc3 25.Raa1 d3 26.Kh2 f5 27.gxf5 gxf5 28.Bxc3 Rxc3 29.Qxb7
Rc2 30.Rad1 Kf8 31.Rf3 R2c3 32.Rg3 R8c7 33.Qa6 {#r} 1-0

[Event "Bayern Landesliga South 2004/05"]
[Site "masterchessopen.com Bayern (Germany)"]
[Date "2004.10.24"]
[Round "1"]
[White "Stelter Felix Dr (GER)"]
[Black "Holl Andreas (GER)"]
[Result "0-1"]
[WhiteElo "2052"]
[BlackElo "2187"]

1.d4 Nf6 2.c4 e6 3.Nc3 Bb4 4.e3 O-O 5.Ne2 d5 6.a3 Be7 7.b3 c6 8.g3 Nbd7 9.Bg2
b6 10.b4 Ba6 11.b5 Bb7 12.cxd5 cxd5 13.Bb2 a5 14.O-O Re8 15.Qb3 Bd6 16.Rad1
Qe7 17.Rfe1 Rad8 18.f4 Ne4 19.Nc1 f5 20.Nd3 Ndf6 21.Ne5 Bb8 22.Rc1 {#R} 0-1

[Event "Ch PriFO"]
[Site "masterchessopen.com Orsk (Russia)"]
[Date "2004.12.11"]
[Round "1"]
[White "Yashtylov Anatolij (RUS)"]
[Black "Ilyushkin E (RUS)"]
[Result "1-0"]
[WhiteElo "2414"]
[BlackElo "2312"]

1.d4 Nf6 2.c4 e6 3.Nc3 Bb4 4.e3 O-O 5.Ne2 d5 6.a3 Be7 7.cxd5 Nxd5 8.Nxd5 exd5
9.Ng3 Be6 10.Bd3 Qd7 11.Qc2 f5 12.Bd2 Nc6 13.O-O Nd8 14.b4 a6 15.a4 Bd6 16.b5
a5 17.Rfc1 b6 18.Ne2 Nf7 19.f3 Rad8 20.Be1 Rc8 21.Bg3 Bxg3 22.hxg3 Nd6 23.g4
h6 24.Nf4 Rf6 25.gxf5 Nxf5 26.Bxf5 Bxf5 27.Qb3 Rd8 28.Rc3 g5 29.Nh5 Rf7 30.Rc6
Be6 31.Rac1 Kh7 32.Qc2+ Bf5 33.Qc3 {#r} 1-0

[Event "Memorial Grigorov (open)"]
[Site "masterchessopen.com Sofia (Bulgaria)"]
[Date "2004.12.11"]
[Round "4"]
[White "Petkov Vladimir (BUL)"]
[Black "Dobrev Nanko (BUL)"]
[Result "1-0"]
[WhiteElo "2413"]
[BlackElo "2416"]

1.d4 Nf6 2.c4 e6 3.Nc3 Bb4 4.e3 O-O 5.Ne2 Re8 6.a3 Bf8 7.d5 e5 8.Ng3 a5 9.Bd3
Na6 10.O-O Nc5 11.Bc2 d6 12.Rb1 Bg4 13.f3 Bd7 14.b4 Na6 15.e4 axb4 16.axb4 c5
17.dxc6 bxc6 18.Kh1 Be6 19.Qe2 Qc8 20.Bg5 Rb8 21.Bxf6 gxf6 22.Nh5 Be7 23.Qd2
Kh8 24.b5 Nc5 25.bxc6 Bxc4 26.Rxb8 Qxb8 27.Rb1 Qa7 28.Nd5 Rg8 29.Nhxf6 Bxd5
30.Qh6 Rg7 31.exd5 e4 32.c7 Qxc7 {#r} 1-0

[Event "It (open)"]
[Site "masterchessopen.com Besancon (France)"]
[Date "2004.12.28"]
[Round "2"]
[White "Charnushevich Alexei (FRA)"]
[Black "Robbe Christophe (FRA)"]
[Result "1-0"]
[WhiteElo "2527"]
[BlackElo "1886"]

1.d4 e6 2.c4 Nf6 3.Nc3 Bb4 4.e3 O-O 5.Ne2 d5 6.a3 Be7 7.Nf4 b6 8.b4 dxc4
9.Bxc4 Bb7 10.O-O Nd5 11.Qf3 c6 12.Bb2 Nxf4 13.Qxf4 Nd7 14.e4 e5 15.dxe5 Bg5
16.Qg3 Bh4 17.Qe3 Nxe5 18.Be2 Bc8 19.Rad1 Qe7 20.h3 Ng6 21.f4 Re8 22.e5 Qf8
23.Ne4 Be7 24.f5 Nh8 25.Qg3 f6 26.exf6 Bc5+ 27.Nxc5 g6 {#r} 1-0

[Event "It (open)"]
[Site "masterchessopen.com Bad Zwesten (Germany)"]
[Round "0"]
[White "Braun Arik (GER)"]
[Black "Jobava Baadur (GEO)"]
[Result "1-0"]
[WhiteElo "2465"]
[BlackElo "2601"]

1.d4 Nf6 2.c4 e6 3.Nc3 Bb4 4.e3 O-O 5.Ne2 d5 6.a3 Be7 7.Nf4 c6 8.b3 dxc4
9.Bxc4 e5 10.dxe5 Qa5 11.Bb2 Qxe5 12.Ncd5 Qxb2 13.Nxe7+ Kh8 14.Bxf7 Qc3+
15.Kf1 Qc5 16.Qd4 Qb5+ 17.Kg1 Bf5 18.Bc4 Qa5 19.b4 Qa4 20.Nxf5 c5 21.Qxc5 Nc6
22.h4 g6 23.Nd6 Rad8 24.Nf7+ {#r} 1-0

[Event "It (open)"]
[Site "masterchessopen.com Villa Ballester (Argentina)"]
[Date "2005.01.08"]
[Round "3"]
[White "Meza Hugo (ARG)"]
[Black "Faust Ricardo (ARG)"]
[Result "1-0"]
[WhiteElo "2160"]
[BlackElo "2066"]

1.d4 Nf6 2.c4 e6 3.Nc3 Bb4 4.e3 O-O 5.Ne2 d5 6.a3 Be7 7.cxd5 exd5 8.Ng3 c6
9.Bd3 Bd6 10.O-O Re8 11.Nf5 Bxf5 12.Bxf5 g6 13.Bd3 Nbd7 14.f4 Ne4 15.Nxe4 dxe4
16.Bc4 Nb6 17.Ba2 Nd5 18.Bxd5 cxd5 19.Qb3 Bc7 20.Qxb7 Bb6 21.Bd2 Re7 22.Qa6
Rc7 23.Rac1 Rac8 24.Rxc7 Rxc7 25.Bc3 g5 26.a4 Rc6 27.a5 gxf4 28.axb6 f3
29.gxf3 Qg5+ 30.Kh1 Qxe3 31.Qb5 Rxb6 32.Qxd5 Qe2 33.Rg1+ Rg6 34.Qd8+ {#r} 1-0

[Event "Bundesliga 2004/05"]
[Site "masterchessopen.com Germany"]
[Date "2005.01.29"]
[Round "8"]
[White "Graf Alexander (GER)"]
[Black "Hoffmann Michael (GER)"]
[Result "1-0"]
[WhiteElo "2613"]
[BlackElo "2443"]

1.d4 Nf6 2.c4 e6 3.Nc3 Bb4 4.e3 O-O 5.Ne2 d5 6.a3 Bd6 7.Ng3 c5 8.dxc5 Bxc5
9.b4 Be7 10.cxd5 Nxd5 11.Nxd5 exd5 12.Bd3 Bf6 13.Rb1 Nc6 14.O-O Be6 15.Nh5 Be5
16.b5 Na5 17.f4 Bc7 18.f5 Qd6 19.Qg4 Qxh2+ 20.Kf2 Be5 21.Bd2 {#r} 1-0

[Event "Bundesliga 2004/05"]
[Site "masterchessopen.com Germany"]
[Date "2005.02.13"]
[Round "11"]
[White "Lorscheid Gerhard (GER)"]
[Black "Jobava Baadur (GEO)"]
[Result "0-1"]
[WhiteElo "2262"]
[BlackElo "2601"]

1.d4 Nf6 2.c4 e6 3.Nc3 Bb4 4.e3 O-O 5.Ne2 d5 6.a3 Be7 7.cxd5 Nxd5 8.Qc2 Nd7
9.g3 Nxc3 10.bxc3 b5 11.Bg2 Rb8 12.a4 b4 13.cxb4 Bxb4+ 14.Bd2 c5 15.O-O Ba6
16.Rfe1 Qa5 17.Rad1 Rfc8 18.d5 exd5 19.Bxd5 Ne5 20.Nf4 Bxd2 21.Rxd2 c4 22.Red1
g6 23.Be4 c3 24.Rd5 Qc7 25.Rc1 Rb2 26.Qd1 c2 27.Qe1 Bb7 28.Qe2 Rb1 {#R} 0-1